[Event "4NCL 2017-18"]
[Site "England ENG"]
[Date "2018.01.13"]
[Round "3.72"]
[White "Greet, Andrew N"]
[Black "Bates, Richard A"]
[Result "1/2-1/2"]
[WhiteTitle "IM"]
[BlackTitle "IM"]
[WhiteElo "2442"]
[BlackElo "2371"]
[WhiteTeam "Alba"]
[BlackTeam "Blackthorne Russia"]
[WhiteFideId "405817"]
[BlackFideId "403555"]
[EventDate "2017.11.11"]

1. Nf3 Nf6 2. c4 g6 3. g3 Bg7 4. Bg2 O-O 5. d4 d6 6. Nc3 c6 7. O-O Qb6 8. b3 Qa5
9. Bb2 Qh5 10. e4 Bh3 11. Bxh3 Qxh3 12. Ng5 Qh5 13. Qxh5 Nxh5 14. Rad1 h6 15.
Nf3 Na6 16. e5 dxe5 17. dxe5 Rfd8 18. Kg2 g5 19. h3 Nb4 20. Ne2 c5 21. g4 Nf4+
22. Nxf4 gxf4 23. a3 Nc6 24. Bc3 a5 25. a4 e6 26. Rfe1 Kf8 27. Rd2 Ke8 28. Re4
Rxd2 29. Bxd2 Rd8 30. Bxf4 Rd3 31. Re3 Rd1 32. h4 Nd4 33. h5 Kf8 34. Bg3 Kg8 35.
Bh4 Rb1 36. Bf6 Nxb3 37. Rd3 Nd4 38. Nxd4 cxd4 39. Rxd4 Rb4 40. f4 Rxa4 41. g5
hxg5 42. fxg5 b5 43. g6 fxg6 44. hxg6 Rxc4 45. Rd8+ Bf8 46. Be7 Rf4 47. Kg3 Rf1
48. Kh2 Rf2+ 49. Kh3 Rf3+ 50. Kg4 Rf1 51. Bf6 a4 52. Kh3 Rf3+ 53. Kg2 Rf4 54.
Kg3 Rf1 55. Kg2 1/2-1/2

[Event "4NCL 2017-18"]
[Site "England ENG"]
[Date "2018.01.13"]
[Round "3.73"]
[White "Ledger, Andrew J"]
[Black "McKay, Roderick M"]
[Result "1-0"]
[WhiteTitle "IM"]
[BlackTitle "IM"]
[WhiteElo "2369"]
[BlackElo "2312"]
[WhiteTeam "Blackthorne Russia"]
[BlackTeam "Alba"]
[WhiteFideId "400610"]
[BlackFideId "2400049"]
[EventDate "2017.11.11"]

1. d4 d6 2. c4 f5 3. Nc3 Nf6 4. Bg5 Nbd7 5. e3 c6 6. Bd3 g6 7. e4 fxe4 8. Nxe4
Bg7 9. Nf3 Nxe4 10. Bxe4 Nf6 11. Bd3 Bg4 12. O-O O-O 13. h3 Bxf3 14. Qxf3 Qa5
15. Qe3 Rae8 16. b4 Qc7 17. Qe6+ Rf7 18. Rad1 Nd7 19. h4 Nf8 20. Qg4 a5 21. b5
c5 22. dxc5 Qxc5 23. Be3 Qc7 24. b6 Qc6 25. h5 gxh5 26. Qxh5 a4 27. Qd5 Qc8 28.
Be4 e6 29. Qb5 Qd7 30. Rxd6 Qxd6 31. Qxe8 Rd7 32. Qa8 Qe7 33. Qxa4 Bd4 34. Re1
Qc5 35. Qb3 Rd6 36. Bxd4 Qxd4 37. Qg3+ Kh8 38. Qf3 1-0

[Event "4NCL 2017-18"]
[Site "England ENG"]
[Date "2018.01.13"]
[Round "3.74"]
[White "Berry, Neil"]
[Black "Hunt, Adam C"]
[Result "0-1"]
[WhiteTitle "FM"]
[BlackTitle "IM"]
[WhiteElo "2265"]
[BlackElo "2401"]
[WhiteTeam "Alba"]
[BlackTeam "Blackthorne Russia"]
[WhiteFideId "2400650"]
[BlackFideId "403970"]
[EventDate "2017.11.11"]

1. d4 Nf6 2. c4 g6 3. Nc3 d5 4. Nf3 Bg7 5. Qb3 dxc4 6. Qxc4 O-O 7. e4 Na6 8. Be2
c5 9. d5 e6 10. O-O exd5 11. exd5 Re8 12. Bg5 h6 13. Be3 b6 14. Qa4 Nc7 15. Rad1
Bb7 16. d6 Ncd5 17. Nxd5 Nxd5 18. Bc4 Nf6 19. Qb3 Qd7 20. Bf4 Nh5 21. Bc1 Bc6
22. Qd3 Be4 23. Qb3 Rad8 24. Rfe1 Bc6 25. Rxe8+ Rxe8 26. Qd3 Kh7 27. Kf1 Nf6 28.
a3 b5 29. Ba2 c4 30. Qd2 Bxf3 31. gxf3 Qh3+ 32. Kg1 Qxf3 33. Re1 Rxe1+ 34. Qxe1
Bf8 35. Qe3 Qd1+ 36. Kg2 Qxd6 37. Qxa7 Qd5+ 38. f3 Bc5 39. Qc7 Bd6 40. Qa7 Bc5
41. Qc7 Bd6 42. Qa7 Kg7 43. Qf2 Qe5 44. Kh1 Bc5 45. Qd2 Ng4 46. Qf4 Qe1+ 47. Kg2
Qg1+ 48. Kh3 Nf2+ 0-1

[Event "4NCL 2017-18"]
[Site "England ENG"]
[Date "2018.01.13"]
[Round "3.75"]
[White "Webb, Laurence E"]
[Black "Findlay, David John"]
[Result "1/2-1/2"]
[WhiteTitle "FM"]
[WhiteElo "2281"]
[BlackElo "2188"]
[WhiteTeam "Blackthorne Russia"]
[BlackTeam "Alba"]
[WhiteFideId "402389"]
[BlackFideId "2400278"]
[EventDate "2017.11.11"]

1. d4 d6 2. Nf3 Nf6 3. c4 g6 4. Nc3 Bg7 5. e4 O-O 6. Be2 e5 7. O-O exd4 8. Nxd4
Re8 9. f3 Nc6 10. Nc2 Nh5 11. Nd5 f5 12. exf5 Bxf5 13. Bd3 Bxd3 14. Qxd3 Ne5 15.
Qb3 c6 16. Nf4 Nxf4 17. Bxf4 Qb6+ 18. Be3 Qxb3 19. axb3 Nd3 20. Rad1 Nb4 21.
Nxb4 Rxe3 22. Nd3 Bd4 23. Kh1 Rae8 24. g3 a5 25. Rd2 Re2 26. Rfd1 Rxd2 27. Rxd2
Re3 28. Kg2 Kf7 29. h4 h5 30. Nf4 Be5 31. Nd3 Bd4 32. g4 hxg4 33. fxg4 Bf6 34.
g5 Bd4 35. Rf2+ Kg7 36. Rd2 Kf7 37. Rf2+ Kg7 38. Rf3 Re2+ 39. Kh3 Bxb2 40. Nf4
Re4 41. Nd3 Bd4 42. Nf4 Be3 43. Nxg6 Kxg6 44. Rf6+ Kg7 45. Rxd6 Bc5 46. Rd7+ Re7
47. Rd8 Re3+ 48. Kg4 Rxb3 49. h5 Rb1 50. h6+ Kh7 51. Rd7+ Kg8 52. Rd8+ Kh7 53.
Rd7+ Kg8 1/2-1/2

[Event "4NCL 2017-18"]
[Site "England ENG"]
[Date "2018.01.13"]
[Round "3.76"]
[White "White, Stuart A"]
[Black "Ledger, Dave J"]
[Result "0-1"]
[BlackTitle "FM"]
[WhiteElo "2150"]
[BlackElo "2182"]
[WhiteTeam "Alba"]
[BlackTeam "Blackthorne Russia"]
[WhiteFideId "407747"]
[BlackFideId "401986"]
[EventDate "2017.11.11"]

1. d4 Nf6 2. c4 g6 3. Nc3 Bg7 4. e4 d6 5. Nf3 O-O 6. Be2 e5 7. d5 a5 8. Bg5 h6
9. Bh4 Qe8 10. Nd2 Na6 11. O-O Nh7 12. a3 Bd7 13. b3 h5 14. f3 Bh6 15. Rb1 Be3+
16. Kh1 Nc5 17. Nb5 Qb8 18. b4 axb4 19. axb4 Bxb5 20. cxb5 Nd7 21. Nc4 Bd4 22.
f4 Ra2 23. Na5 Be3 24. f5 g5 25. Be1 h4 26. Bf3 Bd4 27. Qb3 Ra1 28. Rxa1 Bxa1
29. Bxh4 Bd4 30. Be1 Ndf6 31. g4 Kg7 32. Kg2 Qa7 33. Nc4 Ra8 34. b6 Bxb6 35.
Nxb6 Qxb6 36. Bf2 Qb5 37. Rc1 Ra4 38. Be1 Nxe4 39. Qc4 Qxc4 40. Rxc4 Nc5 41. Be2
Na6 42. b5 Nc5 43. Rxa4 Nxa4 44. Bd2 f6 45. Ba5 b6 46. Bd2 Nf8 47. Bd3 Nd7 48.
Kf3 Nb2 49. Bc2 Nc5 50. Bc3 Nc4 51. Bb4 Kf7 52. h3 Ke7 53. Ke2 e4 54. Bb1 Ne5
55. Ke3 Ned3 56. Bc3 Nf4 57. Bxe4 Nxh3 58. Bd4 Nf4 59. Bc3 Nd7 60. Bf3 Ne5 61.
Bxe5 dxe5 62. Kd2 Kd6 63. Kc3 Kc5 0-1

[Event "4NCL 2017-18"]
[Site "England ENG"]
[Date "2018.01.13"]
[Round "3.77"]
[White "Ledger, Stephen C"]
[Black "Koehn, Lennart"]
[Result "0-1"]
[WhiteElo "2013"]
[BlackElo "2063"]
[WhiteTeam "Blackthorne Russia"]
[BlackTeam "Alba"]
[WhiteFideId "404470"]
[BlackFideId "12938041"]
[EventDate "2017.11.11"]

1. d4 Nf6 2. Bf4 d5 3. e3 c5 4. c3 Nc6 5. Nd2 e6 6. Ngf3 cxd4 7. exd4 Nh5 8. Bg5
f6 9. Bh4 Bd6 10. Ne5 g6 11. Qa4 Qc7 12. Nxc6 bxc6 13. Bg3 e5 14. Be2 Ng7 15.
dxe5 fxe5 16. O-O O-O 17. Rad1 Nf5 18. Nf3 Bd7 19. Qc2 Nxg3 20. hxg3 e4 21. Ng5
Bc5 22. b4 Bb6 23. c4 Qe5 24. cxd5 Qxg5 25. dxc6 Bf5 26. Bc4+ Kg7 27. Bd5 Rae8
28. Qc3+ Qf6 29. Qxf6+ Rxf6 30. b5 Bg4 31. Rde1 Re5 32. Bxe4 Rfe6 33. c7 Bxc7
34. f3 Bb6+ 35. Kh2 Bf5 36. g4 Bxe4 37. fxe4 Rxe4 38. Rd1 Re7 39. g5 R4e5 40. a4
Rxg5 0-1

[Event "4NCL 2017-18"]
[Site "England ENG"]
[Date "2018.01.13"]
[Round "3.78"]
[White "Roy, Ali"]
[Black "Atkins, Rita"]
[Result "1-0"]
[BlackTitle "WIM"]
[WhiteElo "1923"]
[BlackElo "2071"]
[WhiteTeam "Alba"]
[BlackTeam "Blackthorne Russia"]
[WhiteFideId "2400456"]
[BlackFideId "408050"]
[EventDate "2017.11.11"]

1. Nf3 d6 2. g3 Bg4 3. Bg2 Nd7 4. O-O e5 5. d3 Ngf6 6. Nbd2 h6 7. h3 Be6 8. e4
c6 9. d4 Qb6 10. c3 Be7 11. Qe2 O-O 12. Re1 Rfe8 13. Nf1 Qa6 14. Qxa6 bxa6 15.
g4 Rab8 16. Ng3 Bf8 17. b3 exd4 18. Nxd4 c5 19. Ndf5 Bxf5 20. Nxf5 Ne5 21. Be3
Ng6 22. Bd2 c4 23. f4 a5 24. Nd4 a4 25. b4 Nh4 26. Bh1 a5 27. Nc6 Rbc8 28. b5
Nd7 29. Be3 Nc5 30. Bxc5 dxc5 31. f5 g6 32. Kf2 Bg7 33. Re3 Be5 34. Nxa5 Bf4 35.
Re2 Rcd8 36. Nxc4 Rd3 37. Ne3 Bxe3+ 38. Rxe3 Rxe3 39. Kxe3 gxf5 40. gxf5 Nxf5+
41. Kf4 Nd6 42. e5 Nc4 43. Re1 Rd8 44. e6 fxe6 45. Rxe6 Kg7 46. b6 Rf8+ 47. Kg3
h5 48. b7 Rb8 49. Ra6 1-0

[Event "4NCL 2017-18"]
[Site "England ENG"]
[Date "2018.01.13"]
[Round "3.81"]
[White "Bisby, Daniel L"]
[Black "Rudd, Jack"]
[Result "1-0"]
[WhiteTitle "FM"]
[BlackTitle "IM"]
[WhiteElo "2322"]
[BlackElo "2273"]
[WhiteTeam "Cambridge University"]
[BlackTeam "West is Best"]
[WhiteFideId "404586"]
[BlackFideId "405736"]
[EventDate "2017.11.11"]

1. e4 e5 2. Nf3 Nc6 3. Bb5 Nf6 4. d3 Bc5 5. Bxc6 dxc6 6. Qe2 Qe7 7. Nbd2 Bg4 8.
Nc4 Nd7 9. h3 Bh5 10. a3 f6 11. Bd2 a6 12. Ne3 O-O-O 13. Nf5 Qf8 14. b4 Bb6 15.
a4 Bf7 16. b5 cxb5 17. axb5 axb5 18. O-O c6 19. Rfb1 Kc7 20. Bb4 c5 21. Ba5 b4
22. c3 Bxa5 23. Rxa5 bxc3 24. d4 Ra8 25. Rab5 Ra7 26. d5 Qa8 27. Qc4 c2 28. Qxc2
b6 29. Rxb6 Nxb6 30. Qxc5+ Kd8 31. Qxb6+ Ke8 32. Qd6 1-0

[Event "4NCL 2017-18"]
[Site "England ENG"]
[Date "2018.01.13"]
[Round "3.82"]
[White "Cooper, John G"]
[Black "Hill, Alistair"]
[Result "1-0"]
[WhiteTitle "IM"]
[WhiteElo "2268"]
[BlackElo "2197"]
[WhiteTeam "West is Best"]
[BlackTeam "Cambridge University"]
[WhiteFideId "1800027"]
[BlackFideId "432407"]
[EventDate "2017.11.11"]

1. c4 Nf6 2. Nf3 c5 3. Nc3 d5 4. cxd5 Nxd5 5. g3 Nc6 6. Bg2 Nc7 7. O-O e5 8. a3
Rb8 9. Rb1 c4 10. b4 cxb3 11. Qxb3 Be6 12. Qa4 Bd7 13. Qe4 f5 14. Qe3 Qf6 15.
Nxe5 Qxe5 16. Bxc6 Qxe3 17. Bxd7+ Kxd7 18. dxe3 Bd6 19. e4 Be5 20. Rd1+ Ke6 21.
exf5+ Kxf5 22. e4+ Ke6 23. Nd5 Nxd5 24. Rxd5 Rhd8 25. Be3 b6 26. f4 Bf6 27. Rbd1
Rxd5 28. Rxd5 g6 29. g4 Rc8 30. f5+ Ke7 31. e5 Bh4 32. e6 Rc7 33. Kg2 h5 34. h3
Rc2+ 35. Kf3 Rc3 36. Rd7+ Ke8 37. fxg6 Bg5 38. g7 Bxe3 39. g8=Q# 1-0

[Event "4NCL 2017-18"]
[Site "England ENG"]
[Date "2018.01.13"]
[Round "3.83"]
[White "Bukojemski, Adam"]
[Black "Toma, Katarzyna"]
[Result "1-0"]
[BlackTitle "WGM"]
[WhiteElo "2194"]
[BlackElo "2264"]
[WhiteTeam "Cambridge University"]
[BlackTeam "West is Best"]
[WhiteFideId "1114620"]
[BlackFideId "1119907"]
[EventDate "2017.11.11"]

1. e4 c5 2. Nf3 Nc6 3. Nc3 e5 4. Bc4 Be7 5. d3 d6 6. O-O h6 7. Ne1 Nf6 8. f4 Bg4
9. Qd2 exf4 10. h3 Be6 11. Bxe6 fxe6 12. Qxf4 Qd7 13. a3 O-O-O 14. b4 g5 15. Qe3
g4 16. Ne2 gxh3 17. Qxh3 Rdg8 18. Bb2 e5 19. Qxd7+ Kxd7 20. bxc5 dxc5 21. Rf3
Ke6 22. c4 Nd4 23. Nxd4+ cxd4 24. Nc2 Rh7 25. Re1 Rhg7 26. Re2 Rg3 27. Ref2 Nh5
28. Bc1 Bh4 29. Nb4 R3g4 30. Rb2 Bg5 31. Bxg5 hxg5 32. Nd5 Rg7 33. a4 Rh4 34.
Rf8 Rh7 35. Re8+ Kd6 36. c5+ Kd7 37. Rxe5 Kd8 38. Rxg5 1-0

[Event "4NCL 2017-18"]
[Site "England ENG"]
[Date "2018.01.13"]
[Round "3.84"]
[White "Rees, Ioan"]
[Black "Stanisz, Patryk"]
[Result "1/2-1/2"]
[WhiteTitle "FM"]
[WhiteElo "2278"]
[BlackElo "2155"]
[WhiteTeam "West is Best"]
[BlackTeam "Cambridge University"]
[WhiteFideId "1801236"]
[BlackFideId "1123106"]
[EventDate "2017.11.11"]

1. Nf3 d5 2. c4 c6 3. Qc2 Nf6 4. g3 g6 5. Bg2 Bg7 6. O-O O-O 7. d3 Nbd7 8. Nbd2
e5 9. e4 dxe4 10. dxe4 Qe7 11. b3 Ne8 12. Bb2 Nc7 13. Rfe1 Ne6 14. Nf1 a5 15.
Bc3 Qc5 16. Rad1 Nd4 17. Qd2 Nxf3+ 18. Bxf3 Re8 19. Ne3 Nf8 20. a3 Ne6 21. b4
axb4 22. axb4 Qe7 23. c5 Rd8 24. Qb2 Rxd1 25. Bxd1 Nd4 26. Bxd4 exd4 27. Nc4 Be6
28. Bb3 Bxc4 29. Bxc4 b6 30. cxb6 Rb8 31. e5 Rxb6 32. Qxd4 Qxb4 33. Re4 Qb1+ 34.
Kg2 Rb8 35. Rf4 Rf8 36. Qd7 Kh8 37. Bxf7 g5 38. Rf3 Qe4 39. Bh5 Qxe5 40. Rxf8+
Bxf8 41. Qxc6 Kg7 42. Bf3 Bc5 43. Qd7+ Be7 44. Qg4 Kh8 45. Be4 Qf6 46. Qh5 h6
47. Qe8+ Kg7 48. Bd5 Bf8 49. Qe4 Qe7 50. Qg4 Qe5 51. Bb3 Qe7 52. Qd4+ Qf6 53.
Qd5 Qe7 54. Qg8+ Kf6 55. Bd5 Bg7 56. Qa8 Bf8 57. Qc6+ Qd6 58. Qc3+ Qe5 59. Qc4
Qd6 60. h4 Qe5 61. h5 Qd6 62. Qe4 Kg7 63. Be6 Kf6 64. Qf5+ Ke7 65. Qf7+ Kd8 66.
Kh3 Qe7 67. Qf5 Qc5 68. Bd5 Qd6 69. Kg4 Qb4+ 70. Be4 Qd6 71. f3 Ke7 72. Qh7+ Kd8
73. Qf7 Be7 74. Qf5 Ke8 75. Bd5 Qb4+ 76. Be4 Qd6 77. Bd5 Qb4+ 78. Kh3 Qd6 79.
Be6 Bf8 80. Qf7+ Kd8 81. Bf5 Qe7 82. Qd5+ Qd6 83. Qb5 Ke7 84. Qb7+ Kd8 85. Kg4
Qb4+ 86. Qxb4 Bxb4 87. Be6 Bd6 88. Kf5 Bxg3 89. Kg6 g4 90. Bxg4 Bf4 91. Kf5 Bc1
92. f4 Ke7 93. Ke5 Bxf4+ 94. Ke4 1/2-1/2

[Event "4NCL 2017-18"]
[Site "England ENG"]
[Date "2018.01.13"]
[Round "3.85"]
[White "Nettleton, Charlie B"]
[Black "Phillips, Roy"]
[Result "0-1"]
[BlackTitle "FM"]
[WhiteElo "2029"]
[BlackElo "2170"]
[WhiteTeam "Cambridge University"]
[BlackTeam "West is Best"]
[WhiteFideId "419710"]
[BlackFideId "404136"]
[EventDate "2017.11.11"]

1. Nf3 d6 2. g3 e5 3. d3 f5 4. Bg2 Be7 5. c4 Nf6 6. b4 O-O 7. Qb3 Kh8 8. Bb2 Qe8
9. Nbd2 Nc6 10. O-O Qh5 11. Rac1 f4 12. c5 Bh3 13. cxd6 Bxd6 14. b5 Nd4 15. Bxd4
exd4 16. Ne4 Rae8 17. Nfg5 Bxg2 18. Kxg2 Ng4 19. Rh1 Nxf2 20. Kxf2 fxg3+ 21. Ke1
Bf4 22. Rc5 g2 23. Rg1 Qxh2 24. Nf3 Bg3+ 25. Kd2 Rxf3 26. Qd1 Re3 27. Rf5 Qh3
28. Rf7 Qe6 29. Rf3 Qxa2+ 30. Qc2 Rxe2+ 0-1

[Event "4NCL 2017-18"]
[Site "England ENG"]
[Date "2018.01.13"]
[Round "3.86"]
[White "Zeidler, Sven P."]
[Black "Robertson, J Stuart"]
[Result "1/2-1/2"]
[WhiteTitle "FM"]
[WhiteElo "2185"]
[BlackElo "2120"]
[WhiteTeam "West is Best"]
[BlackTeam "Cambridge University"]
[WhiteFideId "1800604"]
[BlackFideId "417114"]
[EventDate "2017.11.11"]

1. e4 c5 2. Nc3 Nc6 3. f4 g6 4. Nf3 Bg7 5. Bb5 Nd4 6. O-O Nxb5 7. Nxb5 d5 8. e5
Nh6 9. d4 b6 10. dxc5 Ba6 11. Qe2 bxc5 12. Nc7+ Qxc7 13. Qxa6 e6 14. c4 O-O 15.
cxd5 exd5 16. Be3 Qb6 17. Qa3 d4 18. Bf2 f6 19. Rac1 Rac8 20. b4 Qxb4 21. Qxb4
cxb4 22. Nxd4 fxe5 23. Ne6 Rfe8 24. Nxg7 Kxg7 25. fxe5 a5 26. Bh4 Rxc1 27. Bf6+
Kg8 28. Rxc1 Ng4 29. Rc7 Nxf6 30. exf6 Re6 31. Ra7 Rxf6 32. Rxa5 Rb6 33. Ra7 b3 1/2-1/2

[Event "4NCL 2017-18"]
[Site "England ENG"]
[Date "2018.01.13"]
[Round "3.87"]
[White "Starley, Robert"]
[Black "Blackburn, Jonathan L B"]
[Result "0-1"]
[WhiteElo "2081"]
[BlackElo "2200"]
[WhiteTeam "Cambridge University"]
[BlackTeam "West is Best"]
[WhiteFideId "421006"]
[BlackFideId "1801090"]
[EventDate "2017.11.11"]

1. e4 e6 2. d4 d5 3. Nc3 Bb4 4. e5 Ne7 5. a3 Bxc3+ 6. bxc3 b6 7. Qg4 Ng6 8. h4
h5 9. Qg3 Ba6 10. Ne2 Qd7 11. a4 Qc6 12. Rh3 Rh7 13. Qg5 Nd7 14. Rf3 Ndf8 15.
Ng3 Bxf1 16. Kxf1 Qc4+ 17. Kg1 c5 18. Nxh5 Qe2 19. Ba3 Qe4 20. Nf4 Rxh4 21. Nxg6
Nxg6 22. dxc5 Rg4 23. Qe3 Nxe5 24. Qxe4 Rxe4 25. Rh3 Kd7 26. Bb4 a5 27. Ba3 Rxa4
28. Re1 Rxa3 29. Rxe5 bxc5 30. Rd3 Kd6 31. Rg5 g6 32. Rf3 Ra7 33. Kf1 a4 34. Ke2
Ra2 35. Kd2 a3 36. c4 Rxc2+ 37. Kxc2 a2 38. Rxf7 a1=Q 39. Rxa7 Qxa7 40. cxd5
Qa4+ 41. Kd3 Qd4+ 42. Ke2 Qe4+ 43. Kd1 exd5 44. Rg3 d4 45. Kd2 c4 0-1

[Event "4NCL 2017-18"]
[Site "England ENG"]
[Date "2018.01.13"]
[Round "3.88"]
[White "Kett, Tim"]
[Black "Ivanov, Elizabeth"]
[Result "1-0"]
[WhiteElo "2215"]
[BlackElo "1558"]
[WhiteTeam "West is Best"]
[BlackTeam "Cambridge University"]
[WhiteFideId "1801210"]
[BlackFideId "427284"]
[EventDate "2017.11.11"]

1. e4 e5 2. Nf3 Nc6 3. Bb5 Bc5 4. O-O d6 5. c3 Bg4 6. d4 Bxf3 7. gxf3 Bb6 8. d5
Ne7 9. dxc6 bxc6 10. Ba4 Qd7 11. f4 Ng6 12. Qf3 O-O-O 13. Na3 h6 14. Nc4 Nh4 15.
Qg3 g5 16. fxe5 dxe5 17. Be3 1-0

[Event "4NCL 2017-18"]
[Site "England ENG"]
[Date "2018.01.14"]
[Round "4.51"]
[White "Howell, David W L"]
[Black "Ledger, Andrew J"]
[Result "1-0"]
[WhiteTitle "GM"]
[BlackTitle "IM"]
[WhiteElo "2701"]
[BlackElo "2369"]
[WhiteTeam "Cheddleton"]
[BlackTeam "Blackthorne Russia"]
[WhiteFideId "410608"]
[BlackFideId "400610"]
[EventDate "2017.11.11"]

1. Nf3 Nf6 2. g3 b6 3. Bg2 Bb7 4. O-O c5 5. c4 g6 6. d3 Bg7 7. e4 O-O 8. Nc3 e6
9. Bf4 d6 10. Nb5 Ne8 11. Qd2 Nc6 12. Rfe1 a6 13. Na3 Ra7 14. Be3 e5 15. Nc2 f5
16. exf5 Rxf5 17. Ng5 Nd4 18. Bxb7 Rxb7 19. Bxd4 exd4 20. f4 h6 21. Qg2 Qc8 22.
Ne4 b5 23. b3 bxc4 24. bxc4 Qb8 25. Re2 Rb1+ 26. Rxb1 Qxb1+ 27. Ne1 Rf8 28. h4
Qd1 29. Kh2 Nf6 30. Nxf6+ Bxf6 31. Qf3 g5 32. hxg5 hxg5 33. Qg4 Bg7 34. Qe6+ Kh7
35. Kg1 Bf6 36. Kf1 gxf4 37. gxf4 Bg5 38. f5 Rf6 39. Qd7+ Kg8 40. Re8+ 1-0

[Event "4NCL 2017-18"]
[Site "England ENG"]
[Date "2018.01.14"]
[Round "4.52"]
[White "Bates, Richard A"]
[Black "Hawkins, Jonathan"]
[Result "0-1"]
[WhiteTitle "IM"]
[BlackTitle "GM"]
[WhiteElo "2371"]
[BlackElo "2589"]
[WhiteTeam "Blackthorne Russia"]
[BlackTeam "Cheddleton"]
[WhiteFideId "403555"]
[BlackFideId "412686"]
[EventDate "2017.11.11"]

1. d4 Nf6 2. Nf3 g6 3. c4 Bg7 4. g3 O-O 5. Bg2 d6 6. O-O Nc6 7. Nc3 a6 8. e3 Rb8
9. Qe2 b5 10. Rd1 b4 11. Nd5 Ne4 12. Ne1 f5 13. Nc2 e6 14. Nf4 e5 15. dxe5 Nxe5
16. Nd4 Re8 17. Bd2 c5 18. Nb3 Bb7 19. Be1 a5 20. a3 Ba6 21. axb4 Bxc4 22. Qc2
axb4 23. Nd2 Nxd2 24. Rxd2 Bf7 25. Nd5 b3 26. Qc1 c4 27. Ra7 Nd3 28. Qxc4 Nxe1
29. Rxf7 Kxf7 30. Nc7+ Kf8 31. Nxe8 Qxe8 32. Bc6 Qf7 33. Bd5 Nf3+ 0-1

[Event "4NCL 2017-18"]
[Site "England ENG"]
[Date "2018.01.14"]
[Round "4.53"]
[White "Fodor, Tamas Jr."]
[Black "Ansell, Simon T"]
[Result "1-0"]
[WhiteTitle "GM"]
[BlackTitle "IM"]
[WhiteElo "2503"]
[BlackElo "2342"]
[WhiteTeam "Cheddleton"]
[BlackTeam "Blackthorne Russia"]
[WhiteFideId "723762"]
[BlackFideId "402141"]
[EventDate "2017.11.11"]

1. d4 d5 2. Bf4 Nf6 3. e3 c5 4. Nc3 cxd4 5. exd4 a6 6. Bd3 Nc6 7. Nge2 Nb4 8. f3
e6 9. g4 Bd6 10. h4 Qc7 11. Bxd6 Qxd6 12. a3 Nxd3+ 13. Qxd3 Bd7 14. h5 h6 15.
Qe3 O-O-O 16. Nf4 Qc7 17. Nd3 Ne8 18. Qe5 f6 19. Qxc7+ Nxc7 20. O-O-O Be8 21.
Rde1 b6 22. Rh2 Bf7 23. Ne2 Bg8 24. Nef4 Bf7 25. b3 Rhe8 26. Kb2 a5 27. a4 Rd6
28. Rhe2 Na6 29. Ng2 Nb8 30. Nh4 Kd8 31. c3 Nc6 32. Re3 Rd7 33. f4 Rde7 34. Nf3
Kc7 35. c4 dxc4 36. bxc4 Rd8 37. d5 Red7 38. Rxe6 Bxe6 39. Rxe6 Na7 40. Nd4 Rg8
41. Kc3 Nc8 42. Nb5+ Kb8 43. Kd4 Rgd8 44. f5 Nd6 45. Nxd6 Rxd6 46. Rxd6 Rxd6 47.
c5 bxc5+ 48. Kxc5 Rd8 49. d6 Rc8+ 50. Kd5 Rc2 51. Ke6 Rc4 52. Ke7 Re4+ 53. Kf7
Rxa4 54. Nc5 Rd4 55. d7 Rd1 56. Kxg7 Kc7 57. Kxf6 a4 58. Nxa4 Kxd7 59. Nc5+ Ke8
60. Ne6 Rg1 61. g5 hxg5 62. Kg6 Ke7 63. h6 g4 64. Nf4 Rh1 65. f6+ 1-0

[Event "4NCL 2017-18"]
[Site "England ENG"]
[Date "2018.01.14"]
[Round "4.55"]
[White "Arkell, Keith C"]
[Black "Ledger, Dave J"]
[Result "1/2-1/2"]
[WhiteTitle "GM"]
[BlackTitle "FM"]
[WhiteElo "2414"]
[BlackElo "2182"]
[WhiteTeam "Cheddleton"]
[BlackTeam "Blackthorne Russia"]
[WhiteFideId "400270"]
[BlackFideId "401986"]
[EventDate "2017.11.11"]

1. d4 Nf6 2. Nf3 g6 3. c4 Bg7 4. Nc3 O-O 5. g3 c6 6. Bg2 d5 7. Qb3 Ne4 8. cxd5
Nxc3 9. bxc3 cxd5 10. Nd2 e6 11. Ba3 Re8 12. e3 Nc6 13. O-O Na5 14. Qb2 b6 15.
Rfe1 Ba6 16. Bb4 Nc6 17. a4 Nxb4 18. Qxb4 Rc8 19. Rec1 Qe7 20. Qb3 Rc7 21. Bf1
Bxf1 22. Kxf1 Rec8 23. a5 Rc6 24. axb6 axb6 25. Ra2 Qc7 26. Rac2 Bf8 27. Nf3 Bd6
28. Ng1 Rc4 29. Ne2 Bb4 30. Qa4 Ba5 31. Qb5 Qe7 32. Rb1 Kg7 33. Rb3 Qf6 34. Kg1
Qf5 35. Rc1 R8c6 36. Rbb1 g5 37. Qb3 h6 38. Qc2 Qxc2 39. Rxc2 Bxc3 40. Rxc3 Rxc3
41. Nxc3 Rxc3 1/2-1/2

[Event "4NCL 2017-18"]
[Site "England ENG"]
[Date "2018.01.14"]
[Round "4.56"]
[White "Eames, Robert S"]
[Black "Eggleston, David J"]
[Result "0-1"]
[WhiteTitle "FM"]
[BlackTitle "IM"]
[WhiteElo "2173"]
[BlackElo "2407"]
[WhiteTeam "Blackthorne Russia"]
[BlackTeam "Cheddleton"]
[WhiteFideId "408743"]
[BlackFideId "412120"]
[EventDate "2017.11.11"]

1. Nf3 Nf6 2. c4 e6 3. Nc3 Bb4 4. Qc2 O-O 5. a3 Bxc3 6. Qxc3 d6 7. b4 b6 8. e3
Bb7 9. Be2 c5 10. Bb2 Nbd7 11. O-O e5 12. d3 Re8 13. a4 d5 14. bxc5 d4 15. Qd2
Nxc5 16. Ra3 dxe3 17. fxe3 e4 18. Nh4 exd3 19. Bxf6 Ne4 20. Qe1 Nxf6 21. Rxd3
Qc7 22. Nf5 Be4 23. Qh4 Bxd3 24. Bxd3 Qe5 25. Qg5 g6 26. h4 Kh8 27. Nh6 Qxe3+
28. Kh1 Qxg5 29. hxg5 Ne4 30. Bxe4 Rxe4 31. Rxf7 Rae8 32. Rxa7 R4e7 33. Ra6 Rb8
34. Ng4 Rc8 35. Nf6 Rb7 36. Kh2 Rbc7 37. Rxb6 Rxc4 38. a5 R4c6 39. Rb5 h6 40.
Rb7 R6c7 41. Rb5 hxg5 42. Rxg5 Kg7 43. Ne4 Ra8 44. Nc5 Kh6 45. Ne4 Re7 46. Rg4
Rxa5 47. Ng3 Ra1 48. Kh3 Re8 49. Rf4 Ra2 50. Rh4+ Kg7 51. Rb4 Rh8+ 52. Kg4 Rxg2
53. Rb7+ Kh6 54. Kf3 Ra2 55. Ne4 Rf8+ 56. Kg3 Ra3+ 57. Kg4 Raf3 0-1

[Event "4NCL 2017-18"]
[Site "England ENG"]
[Date "2018.01.14"]
[Round "4.57"]
[White "Radovanovic, Jovica"]
[Black "Ledger, Stephen C"]
[Result "1-0"]
[WhiteTitle "FM"]
[WhiteElo "2311"]
[BlackElo "2013"]
[WhiteTeam "Cheddleton"]
[BlackTeam "Blackthorne Russia"]
[WhiteFideId "915912"]
[BlackFideId "404470"]
[EventDate "2017.11.11"]

1. d4 Nf6 2. c4 c5 3. d5 b5 4. Qc2 e6 5. e4 bxc4 6. Nc3 Bb7 7. Bxc4 exd5 8. exd5
d6 9. Nge2 Be7 10. Ng3 Nbd7 11. O-O O-O 12. Nf5 a6 13. Re1 Re8 14. Bg5 g6 15.
Rxe7 Rxe7 16. Nxd6 Qb6 17. Nxb7 Qxb7 18. d6 Re5 19. f4 Re3 20. f5 Re5 21. Bxf6
Nxf6 22. fxg6 Rg5 23. gxf7+ Kg7 24. Rf1 Rd8 25. Rxf6 Rxg2+ 26. Qxg2+ Qxg2+ 27.
Kxg2 Kxf6 28. Ne4+ 1-0